Paesi più Grandi del Cile - Statistics

Statistiche generali
  • Questo quiz è stato fatto 26 volte
  • Il punteggio medio è 31 su 36
Statistiche sulle risposte
Superficie Paese % Corretto
17,098,242 Russia
100%
2,381,741 Algeria
96%
7,741,220 Australia
96%
8,514,877 Brasile
96%
9,984,670 Canada
96%
9,596,961 Cina
96%
1,001,450 Egitto
96%
1,964,375 Messico
96%
9,826,675 Stati Uniti
96%
2,780,400 Argentina
92%
3,287,263 India
92%
2,724,900 Kazakistan
92%
1,240,192 Mali
92%
1,564,116 Mongolia
92%
2,344,858 Rep. Dem. del Congo
92%
2,149,690 Arabia Saudita
88%
1,759,540 Libia
88%
1,285,216 Perù
88%
1,219,090 Sudafrica
88%
1,284,000 Ciad
83%
1,904,569 Indonesia
83%
1,648,195 Iran
83%
1,861,484 Sudan
83%
1,104,300 Etiopia
79%
1,030,700 Mauritania
79%
1,267,000 Niger
79%
923,768 Nigeria
79%
796,095 Pakistan
79%
783,562 Turchia
79%
912,050 Venezuela
79%
1,246,700 Angola
75%
1,098,581 Bolivia
75%
1,138,910 Colombia
75%
799,380 Mozambico
75%
824,292 Namibia
75%
947,300 Tanzania
71%
Nessun quiz corrispondente trovato
Distribuzione punteggi
Percentuale di utenti per punteggio
Percentile per numero di risposta
I tuoi punteggi nel tempo
Non hai fatto questo quiz